[Event "Khanty-Mansiysk FIDE GP"]
[Site "Khanty-Mansiysk"]
[Date "2015.05.25"]
[Round "10"]
[White "Gelfand, Boris"]
[Black "Tomashevsky, Evgeny"]
[Result "1/2-1/2"]
[WhiteElo "2744"]
[BlackElo "2749"]
[Annotator "Roiz,M"]
[PlyCount "45"]
[EventDate "2015.05.14"]
[EventType "tourn"]
[EventRounds "11"]
[EventCountry "RUS"]
[EventCategory "21"]
[SourceTitle "CBM 167"]
[Source "ChessBase"]
[SourceDate "2015.07.13"]
[SourceVersion "1"]
[SourceVersionDate "2015.07.13"]
[SourceQuality "1"]

1. d4 {[%emt 0:00:01]} d5 {[%emt 0:00:11]} 2. c4 {[%emt 0:00:03]} c6 {[%emt 0:
00:05]} 3. Nf3 {[%emt 0:00:03]} Nf6 {[%emt 0:00:07]} 4. Nc3 {[%emt 0:00:18]} a6
{[%emt 0:00:07]} 5. Qc2 {[%emt 0:00:19] A relatively rare move, which has
gained some popularity after the exciting encounter Grischuk-Morozevich,
Petrosian Memorial 2014.} dxc4 {[%emt 0:02:05] Definitely the most principled
response. Accepting the gambit is the best attempt to prove, that c2-spot
isn't optimal for White's queen.} 6. e4 {[%emt 0:00:46]} b5 {[%emt 0:00:06]} 7.
b3 {[%emt 0:00:05]} ({Gelfand's previous experience in that line wasn't
successful:} 7. a4 e6 $1 8. axb5 cxb5 9. e5 (9. Nxb5 $6 axb5 10. Rxa8 Bb7 11.
Ra1 Bxe4 $17 {is simply bad for White here.}) 9... Nd5 10. Nxb5 axb5 11. Rxa8
Bb7 12. Ra7 Nb4 $36 {½-½ (43) Gelfand,B (2704)-Bacrot,E (2653)/Albert 2002/
CBM 092/[Gelfand,B]}) 7... b4 $1 {[%emt 0:02:32][%mdl 8] A novelty, which was
properly prepared at home by Tomashevsky. Black doesn't mind giving up one or
even two pawns in order to fight for the initiative.} ({The previously played} 
7... cxb3 8. axb3 {offers White promising compensation for a pawn. For
instance, after} e6 9. e5 Nd5 10. Nxd5 cxd5 11. Bg5 Bb4+ 12. Kd1 Be7 13. Bxe7
Kxe7 14. Qc5+ Ke8 15. Bxb5+ Bd7 16. Be2 {Sadzikowski,D (2494)-Burmakin,V (2585)
/Zalakaros HUN 2015 White had a stable advantage.}) 8. Nd1 {[%emt 0:01:12]} ({
The natural-looking} 8. Na4 $6 c3 9. a3 a5 10. Nc5 e5 $1 {can be strongly met
by:} 11. dxe5 (11. axb4 exd4 12. Bc4 Bxc5 13. bxc5 Na6 $15) 11... Bxc5 12. exf6
Qxf6 13. axb4 Bxb4 {and White has to fight for equality.}) ({Another possible
retreat} 8. Nb1 {looks somewhat awkward. Indeed,} cxb3 ({seems less attractive
for Black, since after} 8... Bg4 9. Bxc4 Bxf3 10. gxf3 Qxd4 11. Bb2 Qb6 12. Nd2
$44 {White gets promising compensation for a pawn.}) 9. axb3 e6 10. Nbd2 Bb7
11. Bb2 Nbd7 12. Bc4 Be7 $132 {offers Black decent counterplay.}) 8... c3 {
[%emt 0:01:19]} 9. a3 {[%emt 0:01:29] It looks like Black is in trouble, since
he cannot keep the pawn chain on the q-side. However, things are much more
complicated.} e6 {[%emt 0:03:26]} 10. axb4 {[%emt 0:09:55]} Bxb4 {[%emt 0:02:
27]} 11. Ba3 {[%emt 0:02:22] The most natural continuation - it definitely
makes sense to exchange such a strong dark-squared bishop.} ({White fails to
pose Black any problems in the event of} 11. Ra4 a5 12. Nxc3 O-O 13. Bd3 Ba6
14. O-O Bxd3 15. Qxd3 Na6 $11) 11... c5 $1 {[%emt 0:01:26] No doubt, this pawn
sacrifice was a part of deep home preparation.} (11... Bxa3 $6 {is dubious:}
12. Rxa3 O-O 13. Nxc3 {and Black suffers from weak q-side pawns.}) 12. dxc5 {
[%emt 0:01:04]} Bxa3 $1 {[%emt 0:00:30] That was still played rapidly by
Evgeny.} (12... Qa5 {was playable as well, but it is very risky from the
practical point of view. Indeed, after} 13. Bxb4 Qxa1 {the Qa1 is out of play,
and White has several promising continuations:} 14. Bd3 (14. Ne5 $5 {leads to
an interesting endgame:} Nxe4 15. Nxf7 Nc6 (15... Kxf7 16. Qxe4 c2 17. Qxc2
Qe5+ 18. Be2 Nc6 19. Bc3 Qxc5 20. Bc4 $44) 16. Qxe4 c2 17. Nd6+ Kd7 18. Qxc2
Nxb4 19. Qd2 Qd4 20. Qxd4 Nc2+ 21. Kd2 Nxd4 22. Kc3 $44) 14... Nc6 15. Bxc3 Qa3
16. O-O Rb8 $1 (16... Qxc5 $6 17. b4 $1 Qb6 (17... Nxb4 $2 18. Bxb4 Qxb4 19.
Qc6+ $18) 18. Ne3 $36) 17. Ne3 Rxb3 $1 (17... Qxb3 18. Qc1 $36) (17... Qxc5 18.
Nc4 $44 O-O $2 19. e5 Nd5 20. Bxh7+ Kh8 21. Be4 $16) 18. Ra1 Rxc3 19. Rxa3 Rxc2
20. Nxc2 Kd7 21. Ncd4 Nxd4 22. Nxd4 Rd8 {Here Black should be able to equalise,
but the whole line looks scary.}) 13. Rxa3 {[%emt 0:00:05]} Bb7 {[%emt 0:00:05]
} 14. Nxc3 {[%emt 0:07:43]} O-O $1 {[%emt 0:00:13] Again, the most precise
move. Black correctly doesn't hurry with grabbing the missing pawn. Now White
has to take care of undeveloped pieces on the k-side.} (14... Qe7 15. Bd3 Qxc5
16. b4 $1 Qc7 17. O-O Nbd7 18. Re1 $14 {with some pressure.}) 15. Be2 {[%emt 0:
46:02] After long meditation, Boris chooses the quietest continuation.} ({
It looks like White's best practical chance was connected with:} 15. b4 $5 Qe7
16. e5 (16. Bd3 a5 17. e5 Nfd7 {is another order of moves.}) 16... Nfd7 17. Bd3
{since here Black had to enter into a complex position, where the Kg8 is
somewhat exposed:} a5 $1 18. Bxh7+ Kh8 19. Be4 axb4 20. Rxa8 Bxa8 21. Bxa8 Qxc5
22. O-O Qxc3 23. Qe4 {Still, after} Kg8 $1 24. Ng5 Re8 25. Qh7+ Kf8 26. Qh8+
Ke7 27. Qh4 Kf8 $11 {Black should be OK.}) ({Another ambitious continuation} 
15. e5 Nfd7 16. Ne4 {can be strongly met by:} a5 $1 {and Black comfortably
equalises:} 17. Be2 (17. Nd6 {is too risky:} Bxf3 18. gxf3 Nxe5 $132 {and
White's king is stuck in the centre for a while.} (18... Qg5 $5)) 17... Na6 18.
Nd6 (18. Neg5 g6 {doesn't promise much either.}) 18... Naxc5 19. Nxb7 Nxb7 20.
O-O Rc8 21. Qe4 Nbc5 22. Qe3 Nb6 $11) 15... Qe7 {[%emt 0:32:31]} ({Another
possible way of handling the position was:} 15... a5 16. O-O (16. e5 Nfd7 17.
Ne4 Na6 $11 {transposes to the above-mentioned line}) 16... Nbd7 17. e5 Nd5 18.
Nxd5 Bxd5 19. Rfa1 (19. c6 Rc8 $11) 19... Qc7 20. c6 Nxe5 21. b4 Qxc6 22. Qxc6
Nxc6 23. bxa5 Rfb8 $11 {with a drawish endgame.}) 16. O-O {[%emt 0:06:58]} ({
After} 16. b4 a5 {White cannot keep the pawn anyway. Moreover, in that case
Black's position becomes preferable due to his pressure on the Pe4.}) 16...
Qxc5 {[%emt 0:01:27]} 17. Ra4 {[%emt 0:02:30]} Nbd7 $11 {[%emt 0:18:51] Black
has successfuly solved all the problems.} 18. Rc4 {[%emt 0:00:30]} Qd6 {
[%emt 0:00:06]} ({Another possible way was:} 18... Qe7 19. Rc7 (19. e5 Nd5 20.
Ne4 Nf4 $11) 19... Rab8 20. Rd1 Rfc8 21. Rxb7 Rxb7 22. Bxa6 Qb4 23. Bxb7 Rxc3
24. Qd2 Qxb3 $11) 19. Rd1 {[%emt 0:03:54]} Qb8 {[%emt 0:00:07]} 20. Rcd4 {
[%emt 0:08:01]} ({Nothing is changed by} 20. Qd2 Rc8 21. Rxc8+ Qxc8 22. Qe3 Qc5
$11) 20... Qc7 {[%emt 0:07:49]} 21. Rc4 {[%emt 0:00:43] Boris reasonably
decides to call it a day.} (21. Qd2 Rac8 22. Rc4 Qb8 $11) 21... Qb8 {[%emt 0:
00:05]} 22. Rcd4 {[%emt 0:03:07]} Qc7 {[%emt 0:01:43]} 23. Rc4 {[%emt 0:02:23]}
1/2-1/2

[Event "Khanty-Mansiysk FIDE GP"]
[Site "Khanty-Mansiysk"]
[Date "2015.05.16"]
[Round "3"]
[White "Caruana, Fabiano"]
[Black "Tomashevsky, Evgeny"]
[Result "1-0"]
[WhiteElo "2803"]
[BlackElo "2749"]
[Annotator "Roiz,M"]
[PlyCount "81"]
[EventDate "2015.05.14"]
[EventType "tourn"]
[EventRounds "11"]
[EventCountry "RUS"]
[EventCategory "21"]
[SourceTitle "CBM 167"]
[Source "ChessBase"]
[SourceDate "2015.07.13"]
[SourceVersion "1"]
[SourceVersionDate "2015.07.13"]
[SourceQuality "1"]

1. d4 {[%emt 0:00:03]} d5 {[%emt 0:00:15]} 2. c4 {[%emt 0:00:06]} c6 {[%emt 0:
00:05]} 3. Nf3 {[%emt 0:00:04]} Nf6 {[%emt 0:00:07]} 4. Nc3 {[%emt 0:00:07]} a6
{[%emt 0:00:35]} 5. a4 {[%emt 0:00:38]} e6 {[%emt 0:01:41]} 6. Bf4 {[%emt 0:00:
29]} ({The most common continuations here are:} 6. Bg5) ({and} 6. g3) 6... a5 {
[%emt 0:06:25] A standard way of development for a setup with 5.a4 - the
b4-spot is now vacant for the knight.} ({One of the most principled replies
here is:} 6... c5 $5 7. e3 Nc6 8. Be2 dxc4 9. Bxc4 cxd4 10. exd4 Be7 11. O-O
O-O 12. Re1 Nb4 13. Ne5 Bd7 14. d5 exd5 15. Nxd5 Nbxd5 16. Bxd5 Bg4 17. Nxg4
Nxd5 $11 {0-1 Carlsen,M (2786)-Movsesian,S (2732)/Kallithea 2008/CBM 127/
[Krasenkow,M] (76)}) ({Previously, Evgeny has also tried:} 6... Be7 7. e3 Nh5
8. Bd3 (8. Be5 {deserves serious attention here:} Nd7 9. a5 O-O 10. c5 Nxe5 11.
Nxe5 Nf6 12. f4 $14) 8... Nxf4 9. exf4 a5 10. O-O Na6 11. b3 (11. Rc1 Nb4 12.
b3 O-O 13. Bb1 Bf6 14. Re1 b6 15. cxd5 cxd5 $11 {1/2-1/2 Nakamura,H (2759)
-Carlsen,M (2835)/Wijk aan Zee 2012/CBM 147/[Marin,M] (21)}) 11... Nb4 12. Re1
O-O 13. Rc1 Nxd3 14. Qxd3 f6 15. g3 Bd6 {Nakamura,H (2775)-Tomashevsky,E (2695)
/Dubai UAE 2014 (37), Black had a solid, but somewhat passive position.}) 7. e3
{[%emt 0:00:38]} Be7 {[%emt 0:01:52]} 8. g4 $5 $146 {[%emt 0:00:29] The idea
of early k-side activity with such an aggressive advance is usual in many
openings, such as the Keres attack in the Sicilian or the Anti-Meran. Still,
the fresh idea of Fabiano is quite impressive and forces Black to solve some
concrete problems.} ({Tomashevsky was able to equalise quite easily in his
preceding game:} 8. h3 Na6 9. Be2 O-O 10. O-O Nb4 11. Qb3 b6 12. Na2 Nxa2 13.
Qxa2 c5 14. Rfd1 Bb7 $11 {1/2-1/2 Indjic,A (2534)-Tomashevsky,E (2722)/Warsaw
POL 2013 (41)}) 8... Na6 {[%emt 0:10:53] A consistent reply - Black keeps the
king in the centre for a while and gets ready for developing the queenside
pieces.} (8... O-O 9. g5 Nh5 (9... Ne4 10. h4 c5 11. Bd3 Nxc3 12. bxc3 dxc4 13.
Bxc4 cxd4 14. cxd4 $14) 10. Bxb8 Rxb8 11. h4 g6 12. Be2 {leads to a complex
position, where White's chances seem preferable, since Black's light-squared
bishop is very passive.}) 9. g5 {[%emt 0:01:45]} Nd7 {[%emt 0:00:34] The
knight's placement is much more safe than on h5 now, but White gets excellent
attacking prospects.} (9... Nh5 $5 10. Be5 Nb4 11. Be2 O-O 12. h4 (12. Nd2 $6 {
is premature:} f6 13. gxf6 Nxf6 14. Rg1 Bd6 $15) 12... f6 13. gxf6 gxf6 14. Bh2
Kh8 {was a possible way of handling this line, but entering into such a sharp
position against a well-prepared opponent is a tough decision.}) 10. h4 {
[%emt 0:15:29]} Nb4 {[%emt 0:04:11]} 11. Be2 {[%emt 0:03:19] Black cannot
attack White's centre at the moment, so Fabiano has time for this natural
developing move.} ({The most aggressive} 11. h5 {also looks quite promising:}
b6 12. Qd2 Ba6 (12... Bb7 13. cxd5 Nxd5 14. Nxd5 cxd5 15. O-O-O $14) 13. cxd5
Bxf1 14. Kxf1 exd5 15. e4 dxe4 16. Nxe4 O-O 17. Rc1 $14 {would have yielded
White a stable edge.}) 11... b6 {[%emt 0:15:17] That move enables White to fix
the pawn structure, so the king would be much safer.} ({A more challenging
move was} 11... O-O $1 {intending to meet} 12. h5 {with} dxc4 13. Bxc4 ({
The over-aggressive} 13. g6 {doesn't promise much:} fxg6 14. hxg6 h6 15. Bxc4
Nd5 16. Bxh6 gxh6 17. Rxh6 Bf6 18. Ng5 Bxg5 19. Rh8+ Kg7 20. Rh7+ Kg8 21. Qh5
N7f6 22. Rh8+ Kg7 23. Rh7+ Kg8 $11) 13... Nb6 14. Be2 N6d5 $132) 12. h5 {
[%emt 0:10:15]} Bb7 {[%emt 0:03:51]} ({The exchange of bishops wouldn't solve
the problems:} 12... Ba6 13. cxd5 exd5 14. Bxa6 Rxa6 15. Qe2 $14 {Black's
position lacks any active ideas.}) 13. cxd5 {[%emt 0:05:31] Correctly
clarifying the pawn structure, so the light-squared bishop remains passive.}
exd5 {[%emt 0:02:55]} (13... Nxd5 14. Nxd5 cxd5 15. Rc1 Rc8 16. Rxc8 Qxc8 17.
O-O O-O 18. Qb1 $16 {would have left Evgeny with a difficult position from the
strategic point of view: White has access to many important squares, while
most of Black's pieces are very passive.}) 14. Qd2 {[%emt 0:07:20] The most
natural continuation. There is nothing wrong with connecting the rooks now.} f5
$5 {[%emt 0:19:22] This advance helps White to open up the position.} (14...
Nf8 $5 {deserves seriou attention:} 15. Be5 f6 16. gxf6 gxf6 (16... Bxf6 17.
O-O-O Ne6) 17. Bh2 Bd6 18. Bxd6 Qxd6 19. O-O-O O-O-O {with a slighly worse,
but solid position.}) 15. gxf6 {[%emt 0:11:19]} Bxf6 {[%emt 0:00:23]} (15...
Nxf6 {was hardly a better choice:} 16. Ne5 (16. O-O-O Ne4 17. Qe1 O-O 18. Ne5
$14) 16... Bd6 17. O-O-O Qe7 18. Rdg1 O-O-O 19. Kb1 Kb8 20. f3 $14) 16. h6 {
[%emt 0:04:54] This move is connected with a concrete idea, but it looks like
Black should be able to get definite counterplay against White's king.} ({
It looks like the consistent} 16. O-O-O O-O 17. Rdg1 {was objectively stronger:
} Qe7 18. Rg4 Ba6 19. Bxa6 Rxa6 20. Rhg1 Kh8 21. Kb1 $14) 16... g6 {[%emt 0:01:
09]} 17. e4 {[%emt 0:10:34]} dxe4 {[%emt 0:06:30] This move isn't bad, but now
White's pieces are becoming much more active.} ({At the same time, after} 17...
O-O $1 18. e5 (18. exd5 c5 $1 19. O-O-O cxd4 20. Nxd4 Nc5 $36) (18. O-O-O c5 $1
19. exd5 cxd4 20. Nxd4 Nc5) 18... Be7 19. O-O-O Rf5 20. Be3 Nf8 $132 {Black
should be at least not worse.}) 18. Nxe4 {[%emt 0:00:07]} O-O {[%emt 0:00:06]}
19. O-O-O {[%emt 0:05:04]} Nd5 $6 {[%emt 0:05:24] This natural-looking move is
a serious mistake, since the second knight is quite useless now.} ({
Tomashevsky's task wasn't easy, but it looks like} 19... b5 $1 {would give
Black excellent counterplay:} 20. Rhe1 (20. Nfg5 c5 21. Bxb5 Bd5 $132) (20. Nd6
Bc8 21. Rdg1 Nd5 22. Bd3 Kh8 $132) 20... Nb6 21. Bg5 N6d5 22. Bxf6 Nxf6 23. Nc5
Rb8 $132) 20. Bg3 {[%emt 0:06:11]} Ba6 $6 {[%emt 0:03:34] The exchange of
bishops definitely suits Caruana now.} ({Much stronger was} 20... Be7 $1 {
making the f6-spot vacant for Black's knight. In that case White's position
would be preferable, but the character of play is double-edged. For instance:}
21. Ne5 N7f6 (21... Nxe5 22. dxe5 Bc8 $14) 22. Nxf6+ Bxf6 23. Kb1 $14) 21. Bxa6
{[%emt 0:00:55]} Rxa6 {[%emt 0:00:01]} 22. Rhe1 $6 {[%emt 0:03:07] Returning
the favour.} ({The precise} 22. Qc2 {would prevent Black from consolidating:}
Be7 (22... Ra8 23. Kb1 $16) 23. Qxc6 Qc8 24. Qxc8 Rxc8+ 25. Kb1 $16) 22... Ra8
{[%emt 0:04:23]} (22... Be7 $5 23. Nfg5 Re8 24. Ne6 Bb4 25. Nxd8 Bxd2+ 26. Nxd2
Rxd8 27. Re6 $14) 23. Kb1 {[%emt 0:05:09]} Be7 {[%emt 0:02:15]} 24. Qd3 $14 {
[%emt 0:00:38] Evgeny is under strong positional pressure now, but the strong
Nd5 leaves some hopes for a successful defence.} Rf5 {[%emt 0:01:34]} ({
The immediate} 24... N7f6 {can be strongly met by} 25. Neg5 Nb4 26. Qe2 Qd5 27.
Qe6+ Kh8 28. Re5 Qxe6 29. Rxe6 $16) ({But} 24... Rc8 $5 {was possible and if}
25. Ne5 {then} N7f6 26. Rc1 Nb4 27. Nxf6+ Bxf6 28. Qc4+ Qd5 29. Qxd5+ Nxd5 30.
Nxc6 Rfe8 $14 {with definite drawing chances.}) 25. Ne5 {[%emt 0:03:18]} ({
There was another decent way to extend the initiative:} 25. Bd6 $5 N7f6 26.
Bxe7 Nxe7 27. Rc1 $16) 25... Qc8 $2 {[%emt 0:10:14]} ({There was no reason for
rejecting} 25... Nxe5 $1 26. dxe5 Qd7 27. e6 {looks scary, but the cool-blooded
} Qd8 28. Nc3 Qf8 $14 {would allow Evgeny to stay in the game.}) 26. Nc3 {
[%emt 0:07:17]} Nxc3+ {[%emt 0:08:18]} ({Possibly, the best practical chance
was} 26... Nxe5 27. Nxd5 cxd5 28. dxe5 Qe6 29. Qxd5 Qxd5 30. Rxd5 Re8 $16 {
White is a pawn up, but there are some weaknesses.}) 27. Qxc3 {[%emt 0:01:48]}
Nxe5 {[%emt 0:00:03]} 28. Qb3+ {[%emt 0:07:40]} Rf7 {[%emt 0:01:51] The lesser
evil. The pin on the Rf7 is very annoying, but Black manages to avoid an
immediate loss of material.} ({Black's position is completely hopeless after} 
28... Kh8 29. dxe5 b5 30. e6 bxa4 31. Qxa4 $18 {[%cal Gd1d7]}) (28... Nf7 {
is also bad:} 29. Rxe7 Qf8 30. Rde1 Qxh6 31. Bd6 $1 $18 {with full domination.}
) 29. dxe5 {[%emt 0:00:05]} Qf5+ $2 {[%emt 0:00:03] Being short on time,
Evgeny makes White's task much easier.} ({Much more stubborn was} 29... Qh3 $1
{keeping an eye on the Ph6} 30. Qxb6 $140 Qe6 $1 31. Re2 Bf8 32. Rc2 Rc8 33.
Qxa5 Qg4 $1 34. Rdc1 Rb7 $16 {with some counterplay.}) 30. Ka2 $18 {[%emt 0:00:
10]} Bb4 $2 {[%emt 0:00:05]} (30... b5 31. e6 Rff8 32. Rd7 Qc5 33. Bd6 Bxd6 34.
e7+ Qc4 35. Qxc4+ bxc4 36. exf8=Q+ Bxf8 37. Re4 $18) 31. e6 {[%emt 0:00:44]}
Re7 {[%emt 0:00:01]} 32. Bh4 $1 $18 {[%emt 0:01:34] Now Black is completely
lost.} Ree8 {[%emt 0:00:23]} 33. e7+ {[%emt 0:00:47]} (33. Rd7 {was also good
enough:} Bxe1 34. Rg7+ Kh8 35. Rf7 $18) 33... Qf7 {[%emt 0:00:12]} 34. Re6 {
[%emt 0:00:13]} b5 {[%emt 0:02:59] Desperation.} 35. Rd8 {[%emt 0:01:23]} ({Or
} 35. Rg1 bxa4 36. Rexg6+ hxg6 37. Rxg6+ $18) 35... bxa4 {[%emt 0:00:05]} 36.
Qe3 {[%emt 0:00:24] The rest was just an agony.} Bxe7 {[%emt 0:00:41]} 37. Rxa8
{[%emt 0:00:06]} Rxa8 {[%emt 0:00:05]} 38. Bxe7 {[%emt 0:00:01]} Re8 {[%emt 0:
00:43]} 39. Ka1 {[%emt 0:00:01]} a3 {[%emt 0:00:31]} 40. bxa3 {[%emt 0:00:00]}
Qf5 {[%emt 0:00:00]} 41. Qc3 {[%emt 0:05:12]} 1-0